[Al·locució del capità general als voluntaris catalans per formar part del batalló de caçadors en la Guerra de Cuba] / Nouvilas
Descripción Física:
1 f. ; 22 cm
MARC
| LEADER | 00000nam a2200000Ia 4500 | ||
|---|---|---|---|
| 001 | 20991 | ||
| 008 | 160829s1869 xx 000 0 cat d | ||
| 080 | |a RF-10-12 | ||
| 100 | |a Nouvilas i de Ràfols, Ramón de |9 41114 | ||
| 245 | |a [Al·locució del capità general als voluntaris catalans per formar part del batalló de caçadors en la Guerra de Cuba] / Nouvilas | ||
| 260 | |a [Barcelona : |b s.n.], |c 1869 | ||
| 300 | |a 1 f. ; |c 22 cm | ||
| 590 | |a Prové de 3543, exp. 3. | ||
| 590 | |a Hi ha 4 exemplars | ||
| 650 | |a Cuba |x Història |x 1868/1898 |9 41115 | ||
| 650 | 0 | |a Servei militar voluntari |x Catalunya |9 41116 | |
| 856 | 4 | |u https://media.diba.cat/diba/fitxers/arxiu/fulletons/bib_20991_1869_baixa.pdf |y Accés lliure | |
| 856 | 4 | |u https://media.diba.cat/diba/fitxers/arxiu/fulletons/bib_20991_1869_baixa.pdf |y Accés lliure | |
| 901 | |a Arxiu | ||
| 942 | |n 1 |2 udc | ||
| 952 | |0 0 |1 0 |4 0 |6 RF1012 |7 1 |9 50053 |a Arxiu |b Arxiu |d 2016-12-01 |l 0 |o RF-10-12 |p 20991 |r 2016-12-01 00:00:00 |w 2016-12-01 |y ARXIU | ||
| 999 | |c 53895 |d 53895 | ||
| 900 | |a bib_20991_1869_baixa.pdf | ||